| 000 | 00715nam a2200229 a 4500 | ||
|---|---|---|---|
| 001 | 000012332 | ||
| 003 | OSt | ||
| 005 | 20240412074231.0 | ||
| 008 | 091111s1978 dr 000 j spa d | ||
| 040 |
_aDO-SdBNP _bspa _cBNPHU |
||
| 082 |
_aRD863.44 _bH694c |
||
| 100 | 1 |
_aHoepelman, Virgilio _911257 |
|
| 245 | 1 | 0 |
_a100 cuentos (de amor, de risa y de llanto) / _cVirgilio Hoepelman. |
| 246 | 1 | 3 | _aCien cuentos (de amor, de risa y de llanto) |
| 260 |
_aSanto Domingo : _bAmigo del Hogar, _c1978. |
||
| 300 |
_a454 p. ; _c22 cm. |
||
| 590 | _aInventariado, 2019/BT | ||
| 650 | 0 |
_aCuentos dominicanos _9176 |
|
| 650 | 0 |
_aLiteratura dominicana. _967 |
|
| 910 | _aValidado. Control de calidad MFF | ||
| 942 |
_2ddc _cLF1 |
||
| 999 |
_c11989 _d11989 |
||